[Event "Memorial Elekes"]
[Site "masterchessopen.com Budapest (Hungary)"]
[Round "0"]
[White "Zsinka Laszlo (HUN)"]
[Black "Sher Miron N (USA)"]
[Result "0-1"]
[WhiteElo "2286"]
[BlackElo "2410"]

1.d4 Nf6 2.c4 e6 3.Nc3 Bb4 4.e3 c5 5.Bd3 O-O 6.Nf3 d5 7.O-O dxc4 8.Bxc4 Nbd7
9.a3 cxd4 10.exd4 Bxc3 11.bxc3 Qc7 12.Qe2 b6 13.Bd2 Bb7 14.Bd3 Rfe8 15.Rfe1
Rac8 16.a4 Bd5 17.Ne5 Nxe5 18.dxe5 Nd7 19.Qh5 f5 20.exf6 Nxf6 21.Qh4 Bc4
22.Bc2 Qf7 23.Re5 Red8 24.Bg5 Rd7 25.Rae1 Bd5 26.R5e3 Rc4 27.f4 Nh5 28.Bb3 Rc6
29.Bxd5 Rxd5 30.g4 Nxf4 31.Rf1 Rc4 32.Ref3 e5 33.Qe1 Qd7 34.Bxf4 exf4 35.h3 h5
36.gxh5 Rxh5 37.Qe2 Rxa4 38.Rd1 Qf7 39.Rd8+ Kh7 40.Qc2+ Qg6+ 41.Qxg6+ Kxg6
42.Rd6+ Kh7 43.Kf2 Ra2+ 44.Ke1 Re5+ 45.Kd1 Rg5 {#R} 0-1

[Event "Bundesliga 1988/89"]
[Site "masterchessopen.com Germany"]
[Round "0"]
[White "Goehring Karl-Heinz (GER)"]
[Black "Ribli Zoltan (HUN)"]
[Result "0-1"]
[WhiteElo "2335"]
[BlackElo "2605"]

1.d4 Nf6 2.c4 e6 3.Nc3 Bb4 4.e3 O-O 5.Nf3 c5 6.Bd3 d5 7.O-O dxc4 8.Bxc4 Nbd7
9.a3 cxd4 10.exd4 Bxc3 11.bxc3 Qc7 12.Qd3 b6 13.Re1 Bb7 14.Ba2 Rac8 15.Bd2 Bd5
16.Bb1 Rfd8 17.Ne5 Nf8 18.Qh3 Ne8 19.Bd3 f6 20.Ng4 Nd6 21.Qg3 Ng6 22.Ne3 Be4
23.Bf1 Qf7 24.f3 Bb7 25.a4 e5 26.a5 b5 27.a6 Bc6 28.Qf2 e4 29.f4 Ne7 30.Rab1
Nd5 31.Nxd5 Qxd5 32.Be3 Rc7 33.Rb4 Rdc8 34.Qd2 Bd7 35.Rc1 Rc6 {#R} 0-1

[Event "It (open)"]
[Site "masterchessopen.com Chartres (France)"]
[Round "7"]
[White "Wells Peter K (ENG)"]
[Black "Palac Mladen (CRO)"]
[Result "0-1"]
[WhiteElo "2415"]
[BlackElo "2505"]

1.Nf3 d5 2.d4 Nf6 3.c4 e6 4.Nc3 Bb4 5.e3 c5 6.Bd3 O-O 7.O-O dxc4 8.Bxc4 Nbd7
9.Qe2 b6 10.d5 Bxc3 11.dxe6 Ne5 12.bxc3 Nxf3+ 13.Qxf3 Bxe6 14.Bxe6 fxe6 15.e4
Qc7 16.Re1 Rad8 17.Bg5 h6 18.Bh4 Rd2 19.Red1 Qd7 20.e5 Rxd1+ 21.Rxd1 Nd5
22.Qg4 b5 23.c4 bxc4 24.Qxc4 Qc6 25.Bg3 Rb8 26.h4 Rb4 27.Qc2 c4 28.a3 Rb7
29.Kh2 c3 30.h5 Qe8 31.Qe2 Rb2 32.Qg4 c2 33.Rc1 Qf7 34.f3 Qf5 35.Qd4 Qxh5+
36.Bh4 Rb8 37.Rxc2 g5 38.g3 gxh4 39.gxh4 Qf5 40.Rg2+ Kh8 41.Qxa7 Qxe5+ 42.f4
Qxf4+ {#R} 0-1

[Event "Ch Club"]
[Site "masterchessopen.com Helsinki (Finland)"]
[Round "8"]
[White "Ojanen Kaarle S (FIN)"]
[Black "Lukacs Peter (HUN)"]
[Result "0-1"]
[WhiteElo "2335"]
[BlackElo "2404"]

1.d4 Nf6 2.c4 e6 3.Nc3 Bb4 4.e3 O-O 5.Nf3 d5 6.Bd3 c5 7.O-O dxc4 8.Bxc4 Nbd7
9.Qd3 a6 10.a3 Bxc3 11.Qxc3 b5 12.Be2 Bb7 13.dxc5 Ne4 14.Qc2 Ndxc5 15.Bd2 Qf6
16.Bc3 Nxc3 17.Qxc3 Qxc3 18.bxc3 Rac8 19.c4 Nb3 20.Rab1 Bxf3 21.gxf3 Nd2
22.cxb5 axb5 23.Bxb5 Nxf3+ 24.Kg2 Nd2 25.a4 Nxf1 26.Kxf1 Rc5 27.Rd1 g6 28.Rd7
Rh5 29.Kg2 Rc8 30.Rb7 Rg5+ 31.Kf3 Kg7 32.Bd7 Rf5+ 33.Kg3 Rc2 34.Bxe6 Rfxf2
35.Bd5 Rf1 36.e4 g5 37.a5 Ra1 38.Bxf7 Rg1+ 39.Kh3 Rc3# 0-1

[Event "It"]
[Site "masterchessopen.com Aarhus (Denmark)"]
[Round "5"]
[White "Schandorff Lars (DEN)"]
[Black "Tompa Janos (HUN)"]
[Result "0-1"]
[WhiteElo "2425"]
[BlackElo "2425"]

1.d4 Nf6 2.c4 e6 3.Nf3 d5 4.Nc3 Bb4 5.e3 O-O 6.Bd3 dxc4 7.Bxc4 c5 8.O-O Nbd7
9.a3 Bxc3 10.bxc3 b6 11.Bd3 Bb7 12.Qe2 Be4 13.Bb2 Qc7 14.Rfd1 Rad8 15.a4 e5
16.dxe5 Bxf3 17.gxf3 Nxe5 18.Bb5 Qb7 19.Kg2 h6 20.c4 Ng6 21.Bxf6 gxf6 22.a5
bxa5 23.Kh1 a6 24.Ba4 Ne5 25.Rg1+ Kh8 26.Rg3 Rg8 27.Rh3 Rg5 28.Bc2 f5 29.Rxh6+
Kg7 30.Rh3 Qb4 31.f4 Rd2 32.Qe1 Ng4 33.Rb1 Nxf2+ 34.Qxf2 Qxb1+ 35.Bxb1 Rd1+
{#R} 0-1

[Event "It (open)"]
[Site "masterchessopen.com Benidorm (Spain)"]
[Round "0"]
[White "Wells Peter K (ENG)"]
[Black "Suba Mihai (ROM)"]
[Result "0-1"]
[WhiteElo "2460"]
[BlackElo "2540"]

1.d4 Nf6 2.c4 e6 3.Nc3 Bb4 4.e3 O-O 5.Bd3 c5 6.Nf3 d5 7.O-O dxc4 8.Bxc4 Nbd7
9.Qe2 b6 10.a3 cxd4 11.Nb5 Be7 12.Nbxd4 Bb7 13.b4 a6 14.Bb2 b5 15.Bb3 Qb6
16.Rac1 Rfc8 17.Nd2 Nf8 18.f4 Rxc1 19.Rxc1 Rd8 20.f5 e5 21.N4f3 Ng4 22.Nf1 e4
23.Ne5 Nxe5 24.Bxe5 Rd7 25.Bxg7 Kxg7 26.Qg4+ Kh8 27.Bxf7 Bg5 28.Qxg5 Rxf7
29.Ng3 Qd6 30.Rf1 Nd7 31.Nh5 Nf6 32.Nf4 Qd2 33.Ng6+ Kg8 34.Rf2 Qd1+ 35.Rf1 Qg4
36.Qh6 hxg6 37.fxg6 Rf8 38.Rc1 Rc8 39.Rf1 Rc2 {#R} 0-1

[Event "Staatsliga B"]
[Site "masterchessopen.com Austria"]
[Round "0"]
[White "Nickl Klaus (AUT)"]
[Black "Lechenbauer Karl (AUT)"]
[Result "0-1"]
[WhiteElo "2144"]
[BlackElo "1902"]

1.d4 Nf6 2.c4 e6 3.Nc3 Bb4 4.e3 O-O 5.Nf3 c5 6.Bd3 d5 7.O-O dxc4 8.Bxc4 Nbd7
9.Qe2 b6 10.d5 Bxc3 11.dxe6 Ba5 12.exd7 Qxd7 13.Rd1 Qg4 14.h3 Qh5 15.e4 Bb7
16.e5 Bxf3 17.gxf3 Rae8 18.Bf4 Qxh3 19.Bh2 Qf5 20.Qd3 Rxe5 21.Bxe5 Qxe5 22.Qd6
Qxb2 23.Qe7 h6 24.Kg2 Bd2 25.Qe2 Bc3 26.Qe7 Bd4 27.Rf1 Qc2 {#R} 0-1

[Event "It \"]
[Site "masterchessopen.com Belgrade (Yugoslavia)"]
[Round "9"]
[White "Karpman Vadim (UKR)"]
[Black "Levin Felix (GER)"]
[Result "0-1"]
[WhiteElo "2435"]
[BlackElo "2475"]

1.d4 Nf6 2.c4 e6 3.Nc3 Bb4 4.e3 O-O 5.Bd3 c5 6.Nf3 d5 7.O-O dxc4 8.Bxc4 Nbd7
9.a3 cxd4 10.exd4 Bxc3 11.bxc3 Qc7 12.Qd3 b6 13.Ba2 Bb7 14.Bg5 Ne4 15.c4 Nxg5
16.Nxg5 Nf6 17.Qg3 Qxg3 18.hxg3 Rfd8 19.Rfd1 Rd7 20.Rd2 Rad8 21.Rad1 h6 22.Nh3
Ne4 23.Rd3 e5 24.d5 Nd6 25.Re3 e4 26.Nf4 Ba6 27.Rc1 Rc8 28.Rec3 Rdc7 29.Ne2
Bxc4 30.Nd4 Rc5 31.Bxc4 Rxc4 32.Nc6 Rxc3 33.Rxc3 Rc7 34.f3 h5 35.g4 exf3
36.gxf3 hxg4 37.fxg4 Ne4 38.Rd3 Nf6 39.Nb8 Rc8 40.Na6 Rd8 41.Nc7 Nxg4 42.d6
Ne5 43.Rd5 f6 {#R} 0-1

[Event "?"]
[Site "masterchessopen.com corr."]
[Round "0"]
[White "Hartikainen Jarmo (FIN)"]
[Black "Patola Eero (FIN)"]
[Result "1-0"]
[WhiteElo "2207"]
[BlackElo "1886"]

1.d4 Nf6 2.c4 e6 3.Nc3 Bb4 4.e3 O-O 5.Bd3 d5 6.Nf3 c5 7.O-O dxc4 8.Bxc4 Nbd7
9.Qe2 b6 10.Bd2 Bb7 11.Bd3 cxd4 12.exd4 Re8 13.Ne5 a6 14.a4 Nf8 15.Be3 Nd5
16.Nxd5 Qxd5 17.f3 f5 18.Bc4 Qd8 19.Qd3 Qf6 20.Qb3 Ba5 21.Rfc1 Rad8 22.Qa3 f4
23.Bf2 Ra8 24.b4 b5 25.axb5 axb5 26.bxa5 bxc4 27.Nxc4 Ba6 28.Nb6 Ra7 29.Rc6
Qf5 30.d5 exd5 31.Nc8 Bxc8 32.Bxa7 Qd7 33.Qc5 Ne6 34.Qb6 Nd4 35.Rc7 Ne2+
36.Kf1 Qf5 37.Qb2 Qg6 38.Rxc8 Rxc8 39.Bc5 Rxc5 40.Qb8+ Kf7 41.Qa7+ Kg8 42.Qxc5
Qd3 43.Kf2 {#r} 1-0

[Event "Ch World (juniors) (under 18)"]
[Site "masterchessopen.com Duisburg (Germany)"]
[Round "0"]
[White "Tsemekhman Vadim (USA)"]
[Black "Anapolsky Sergey (UKR)"]
[Result "0-1"]
[WhiteElo "2355"]
[BlackElo "2407"]

1.d4 Nf6 2.c4 e6 3.Nc3 Bb4 4.e3 O-O 5.Bd3 c5 6.Nf3 d5 7.O-O dxc4 8.Bxc4 Nbd7
9.a3 cxd4 10.axb4 dxc3 11.bxc3 Qc7 12.Qe2 Nb6 13.Bd3 e5 14.e4 Be6 15.Ra5 Nfd7
16.Ng5 Bc4 17.f4 a6 18.fxe5 Bxd3 19.Qxd3 Nc4 20.e6 fxe6 21.Rxf8+ Rxf8 22.e5 g6
23.Qh3 Qb6+ 24.Rc5 h5 25.Ne4 Nxc5 26.bxc5 Qb1 27.Qxe6+ Kh8 28.h3 Qxc1+ 29.Kh2
Qf4+ 30.Ng3 h4 {#R} 0-1

[Event "It (open)"]
[Site "masterchessopen.com Katowice (Poland)"]
[Round "0"]
[White "Neverov Valeriy (UKR)"]
[Black "Krzywicki Dariusz (POL)"]
[Result "0-1"]
[WhiteElo "2508"]
[BlackElo "2202"]

1.d4 Nf6 2.c4 e6 3.Nc3 Bb4 4.e3 O-O 5.Bd3 c5 6.Nf3 d5 7.O-O dxc4 8.Bxc4 Nbd7
9.a3 cxd4 10.exd4 Bxc3 11.bxc3 Qc7 12.Qd3 b6 13.Ba2 Bb7 14.Bg5 b5 15.Rfe1 Bd5
16.Bb1 Rfc8 17.Bd2 Qc4 18.Qe3 Qc7 19.Ne5 Qb7 {#R} 0-1

[Event "Olympiad"]
[Site "masterchessopen.com Manila (Philippines)"]
[Round "6"]
[White "Giorgadze Giorgi (GEO)"]
[Black "Magai Vladimir (KGZ)"]
[Result "1-0"]
[WhiteElo "2525"]
[BlackElo "2521"]

1.d4 Nf6 2.c4 e6 3.Nc3 Bb4 4.e3 O-O 5.Bd3 d5 6.Nf3 c5 7.O-O dxc4 8.Bxc4 Nbd7
9.Qb3 b6 10.d5 e5 11.Rd1 Bxc3 12.Qxc3 e4 13.Ng5 h6 14.Ne6 fxe6 15.dxe6 Kh8
16.exd7 Bxd7 17.b3 Qe7 18.Bb2 Bg4 19.Rd2 Rad8 20.Rxd8 Rxd8 21.h3 Bc8 22.a4 Qe8
23.Qe5 Qg6 24.Qc7 Rf8 25.Qd6 Re8 26.Kf1 Qf5 27.a5 Be6 28.axb6 axb6 29.Bb5 Rg8
30.g4 Qd5 31.Qxd5 Bxd5 32.Ra6 Rb8 33.Bc4 Rb7 34.Ra8+ Kh7 35.Bxf6 Bxc4+ 36.bxc4
gxf6 37.Re8 Kg7 38.Rxe4 Kf7 39.f4 Ra7 40.Kf2 h5 41.g5 Ra4 42.Kf3 Rb4 43.h4 Rb1
44.f5 fxg5 45.hxg5 Rf1+ 46.Kg3 Rg1+ 47.Kf4 Rg4+ 48.Ke5 Rxg5 49.Rh4 Rg4 50.Rxh5
{#r} 1-0

[Event "Ch Russia (1/2 final)"]
[Site "masterchessopen.com Orel (Russia)"]
[Round "0"]
[White "Glyanets A (RUS)"]
[Black "Timofeev Vladimir F (RUS)"]
[Result "1-0"]
[WhiteElo "2327"]
[BlackElo "2282"]

1.d4 Nf6 2.c4 e6 3.Nc3 Bb4 4.e3 O-O 5.Bd3 d5 6.Nf3 c5 7.O-O dxc4 8.Bxc4 Nbd7
9.a3 Ba5 10.Qe2 cxd4 11.exd4 Nb6 12.Bd3 Nbd5 13.Ne4 h6 14.Nxf6+ Qxf6 15.Bc2
Rd8 16.Rd1 Bd7 17.Ne5 Rac8 18.Qd3 Kf8 19.Qh7 g5 20.Bb3 Bb5 21.Bd2 Bxd2 22.Rxd2
Nf4 23.Qe4 Bc6 24.Nxc6 Rxc6 25.Rad1 Rcd6 26.Kf1 b5 27.g3 Nd5 28.Rd3 Ne7 29.Rf3
Qg7 30.Bxe6 f5 31.Bxf5 Kg8 32.Be6+ Kh8 33.Rf7 {#r} 1-0

[Event "It (active)"]
[Site "masterchessopen.com Oviedo (Spain)"]
[Round "0"]
[White "Iashvili Akaki (GEO)"]
[Black "Dorfman Iossif D (FRA)"]
[Result "0-1"]
[WhiteElo "2455"]
[BlackElo "2610"]

1.d4 Nf6 2.c4 e6 3.Nc3 Bb4 4.e3 d5 5.Nf3 O-O 6.Bd3 c5 7.O-O dxc4 8.Bxc4 Nbd7
9.Qe2 a6 10.Rd1 b5 11.Bd3 Bb7 12.Bd2 cxd4 13.exd4 Nb6 14.Bg5 Be7 15.a3 Nfd5
16.Ne4 Bxg5 17.Nfxg5 Nf4 18.Qg4 Nxd3 19.Rxd3 Bxe4 {#R} 0-1

[Event "It"]
[Site "masterchessopen.com Roses (Spain)"]
[Round "0"]
[White "Spraggett Kevin (CAN)"]
[Black "Suba Mihai (ROM)"]
[Result "1-0"]
[WhiteElo "2576"]
[BlackElo "2520"]

1.d4 Nf6 2.c4 e6 3.Nc3 Bb4 4.e3 O-O 5.Bd3 c5 6.Nf3 d5 7.O-O dxc4 8.Bxc4 Nbd7
9.Qb3 a6 10.a4 Qe7 11.Rd1 Ba5 12.Qc2 h6 13.b3 cxd4 14.exd4 Nb6 15.Ne5 Rd8
16.Rd3 Nbd5 17.Na2 Ne4 18.Rh3 Ndf6 19.Bb2 Qc7 20.Qe2 Bb6 21.Rd1 Bd7 22.Rf3 Be8
23.Rf4 Ng5 24.Rxf6 gxf6 25.Ng4 Nh7 26.Nxh6+ Kh8 27.Qg4 Bc6 28.d5 Bxd5 29.Bxd5
Rxd5 30.Rxd5 exd5 31.Nb4 Rf8 32.h4 Qe7 33.Nd3 Qe4 34.Qg3 d4 35.Ba3 Qg6 36.Bxf8
Nxf8 37.Qxg6 fxg6 38.Nf7+ Kg7 39.Nd6 Nd7 40.Nxb7 Ne5 41.a5 Ba7 42.Nxe5 fxe5
43.b4 d3 44.Kf1 d2 45.Ke2 Bxf2 46.Nc5 Kf7 47.Nxa6 Bxh4 48.Nc5 Bd8 49.Nd7 {#r}
1-0

[Event "It (cat.14)"]
[Site "masterchessopen.com Novosibirsk (Russia)"]
[Round "13"]
[White "Vaisser Anatoly (FRA)"]
[Black "Beliavsky Alexander G (SLO)"]
[Result "1-0"]
[WhiteElo "2580"]
[BlackElo "2635"]

1.d4 Nf6 2.c4 e6 3.Nc3 Bb4 4.e3 O-O 5.Bd3 c5 6.Nf3 d5 7.O-O dxc4 8.Bxc4 Nbd7
9.Qb3 a6 10.a4 Qe7 11.Rd1 Rd8 12.Bd2 h6 13.Ne2 Bxd2 14.Rxd2 Rb8 15.Nc3 cxd4
16.Nxd4 Re8 17.a5 Nc5 18.Qb6 Bd7 19.f3 Rec8 20.Qb4 Qd6 21.Bf1 Qc7 22.Qa3 e5
23.Nb3 Nxb3 24.Qxb3 Qc5 25.Ne4 Nxe4 26.Rxd7 Ng5 27.Bc4 Rf8 28.h4 b5 29.axb6
Rxb6 30.Qc3 Qc7 31.Rad1 Ne6 32.b3 e4 33.fxe4 Qb8 34.e5 Rc6 35.R1d6 Qc8 36.Re7
Rxd6 37.exd6 Kh8 38.Qe5 Nc5 39.Rc7 {#r} 1-0

[Event "It (open)"]
[Site "masterchessopen.com Oberwart (Austria)"]
[Round "2"]
[White "Liedl Wolfgang (AUT)"]
[Black "Kosten Anthony C (FRA)"]
[Result "0-1"]
[WhiteElo "2224"]
[BlackElo "2495"]

1.d4 Nf6 2.c4 e6 3.Nc3 Bb4 4.e3 O-O 5.Bd3 d5 6.Nf3 c5 7.O-O dxc4 8.Bxc4 Nbd7
9.Qe2 a6 10.Rd1 b5 11.Bb3 Bb7 12.a4 cxd4 13.exd4 Bxc3 14.bxc3 Bd5 15.Bc2 Qc7
16.Ba3 Rfe8 17.Rac1 Qf4 18.Qe3 Qxe3 19.fxe3 Nb6 20.axb5 Nc4 21.Bb4 Nxe3 22.Re1
Nxc2 23.Rxc2 Bxf3 24.gxf3 axb5 25.Bc5 Nd5 26.Rb1 Ra5 27.Kf2 h6 28.Rb3 Rea8
29.Kg3 Ra2 30.Rxa2 Rxa2 31.Rxb5 Nxc3 32.Rb7 Ne2+ 33.Kg4 f5+ {#R} 0-1

[Event "Ch World (team) (under 26)"]
[Site "masterchessopen.com Parana (Argentina)"]
[Round "5"]
[White "Norri Joose (FIN)"]
[Black "Stummer Anton (AUT)"]
[Result "1-0"]
[WhiteElo "2291"]
[BlackElo "2325"]

1.d4 Nf6 2.c4 e6 3.Nc3 Bb4 4.e3 O-O 5.Bd3 c5 6.Nf3 d5 7.O-O dxc4 8.Bxc4 Nbd7
9.a3 cxd4 10.exd4 Bxc3 11.bxc3 Qc7 12.Qe2 Nd5 13.Bd3 Nf4 14.Bxf4 Qxf4 15.Qe3
Qg4 16.Rab1 Qh5 17.Qf4 Nf6 18.c4 Qa5 19.Rb3 b6 20.Ne5 Bb7 21.Bb1 Rad8 22.Rg3
Kh8 23.Rxg7 Kxg7 24.Qg5+ Kh8 25.Qxf6+ Kg8 26.Ng4 Qh5 27.Nh6+ Qxh6 28.Qxh6 f5
29.Qxe6+ Rf7 30.d5 {#r} 1-0

[Event "It (open)"]
[Site "masterchessopen.com Philadelphia (USA)"]
[Round "0"]
[White "Dereviagin Vladislav (RUS)"]
[Black "Rohde Michael A (USA)"]
[Result "0-1"]
[WhiteElo "2320"]
[BlackElo "2452"]

1.d4 Nf6 2.c4 e6 3.Nc3 Bb4 4.e3 O-O 5.Bd3 d5 6.Nf3 c5 7.O-O dxc4 8.Bxc4 Nbd7
9.a3 cxd4 10.axb4 dxc3 11.bxc3 Qc7 12.Qb3 b6 13.Be2 Bb7 14.h3 Ne5 15.Nxe5 Qxe5
16.f4 Qc7 17.c4 Rfd8 18.Bb2 Rd2 19.Bf3 Bxf3 20.Rxf3 Ne4 21.Bc1 Rd7 22.Ra2 Rad8
23.Rf1 Qb7 24.Qc2 h6 25.Ra3 h5 26.c5 Rc8 27.Rd1 Rxd1+ 28.Qxd1 bxc5 29.bxc5
Rxc5 30.Kh2 Qb1 31.Rxa7 Qxc1 32.Qd7 Rf5 33.Qe8+ Kh7 34.Rxf7 Nd6 35.Rxg7+ Kxg7
36.Qxe6 Rf6 37.Qe5 Nf7 38.Qd4 h4 39.f5 Qc7+ {#R} 0-1

[Event "Cup Hofmann "]
[Site "masterchessopen.com Baden (Germany)"]
[Round "5"]
[White "Knaak Rainer (GER)"]
[Black "Schlosser Philipp (GER)"]
[Result "0-1"]
[WhiteElo "2540"]
[BlackElo "2500"]

1.d4 Nf6 2.c4 e6 3.Nc3 Bb4 4.e3 O-O 5.Bd3 d5 6.Nf3 c5 7.O-O dxc4 8.Bxc4 Nbd7
9.Qe2 a6 10.Bd3 cxd4 11.exd4 b5 12.a4 bxa4 13.Rxa4 a5 14.Bg5 Bb7 15.Raa1 Be7
16.Nb5 Nd5 17.Qe4 g6 18.Bh6 Re8 19.Rfd1 Qb6 20.Qe2 Ba6 21.Nc3 N7f6 22.Ne5 Bxd3
23.Rxd3 Nb4 24.Rd2 Bf8 25.Bg5 Nfd5 26.Qf3 Qc7 27.Re2 Rec8 28.Rc1 Bg7 29.h4 Qb7
30.Ne4 Rxc1+ 31.Bxc1 Qc7 32.Nc3 Rf8 33.Bd2 h5 34.Qe4 {#R} 0-1

[Event "n) (b"]
[Site "masterchessopen.com Brugge (Belgium)"]
[Round "0"]
[White "Remmler Hans-Peter (GER)"]
[Black "Barsov Alexei (UZB)"]
[Result "1-0"]
[WhiteElo "2190"]
[BlackElo "2470"]

1.d4 e6 2.c4 Nf6 3.Nc3 Bb4 4.e3 O-O 5.Bd3 d5 6.Nf3 c5 7.O-O dxc4 8.Bxc4 Nbd7
9.a3 Bxc3 10.bxc3 b6 11.Bd3 Bb7 12.Qe2 Be4 13.Bb2 Qc7 14.c4 Rac8 15.Rac1 Qb7
16.Rfd1 Rc7 17.Bxe4 Qxe4 18.Nd2 Qb7 19.e4 cxd4 20.e5 d3 21.Qxd3 Nc5 22.Qe2
Nfe4 23.Nf3 Nb3 24.Rc2 Nec5 25.Nd4 Rd7 26.Nb5 Rfd8 27.Nd6 Qe4 28.Re1 Qxe2
29.Rcxe2 Nb7 30.Nxb7 Rxb7 31.Rc2 Rc7 32.Kf1 Rxc4 33.Rxc4 Nd2+ 34.Ke2 Nxc4
35.Bc3 Nxa3 {#r} 1-0

[Event "Oberliga Northeast 1994/95"]
[Site "masterchessopen.com Germany"]
[Round "0"]
[White "Feick Stefan (GER)"]
[Black "Brameyer Hermann (GER)"]
[Result "1-0"]
[WhiteElo "2210"]
[BlackElo "2290"]

1.d4 Nf6 2.c4 e6 3.Nc3 Bb4 4.e3 O-O 5.Bd3 d5 6.Nf3 c5 7.O-O dxc4 8.Bxc4 Nbd7
9.Qe2 a6 10.a3 Ba5 11.Bd3 b5 12.b4 cxb4 13.Nxb5 Bb7 14.Nd6 Bxf3 15.gxf3 Bc7
16.Nc4 Nd5 17.f4 a5 18.Bd2 Qh4 19.Kh1 Rfb8 20.Qf3 b3 21.a4 Ra7 22.Rfb1 N7f6
23.Rg1 Nb4 24.Be2 g6 25.Rab1 Nc2 26.Rb2 h5 27.Bd1 Ng4 28.Rg2 Kh7 29.Qg3 Qxg3
30.hxg3 Bd8 31.Bxc2 Rc7 32.Bd3 Rbc8 33.f3 Nf6 34.Nd6 Rb8 35.Nb5 {#r} 1-0

[Event "Ch Yugoslavia (open)"]
[Site "masterchessopen.com Nis (Yugoslavia)"]
[Round "10"]
[White "Nesic Nebojsa (SRB)"]
[Black "Pavlovic Dragoljub (SRB)"]
[Result "0-1"]
[WhiteElo "2175"]
[BlackElo "2325"]

1.d4 Nf6 2.c4 e6 3.Nc3 Bb4 4.e3 O-O 5.Bd3 d5 6.Nf3 c5 7.O-O dxc4 8.Bxc4 Nbd7
9.a3 Ba5 10.b4 cxb4 11.Nb5 a6 12.Bd3 bxa3 13.Bxa3 axb5 14.Bxf8 Kxf8 15.Qc2 b6
16.Bxh7 Bb7 17.Bd3 b4 18.Qe2 Nd5 19.Nd2 N7f6 20.Qf3 Qc7 21.Rac1 Nc3 22.Qh3 Ke7
23.f4 Rd8 24.f5 e5 25.Qg3 b5 26.e4 Bb6 27.Nf3 Bxd4+ 28.Kh1 Be3 29.Nxe5 Bxc1
30.Rxc1 Qd6 31.Bf1 Nfxe4 32.Qxg7 Qf6 33.Ng6+ Kd6 34.Qh7 Qxf5 35.Qh4 Qg5 {#R}
0-1

[Event "Ch Cuba (1/2 final)"]
[Site "masterchessopen.com Villa Clara (Cuba)"]
[Round "5"]
[White "Benzanilla Alexis (CUB)"]
[Black "Gonzalez Juan Carlos (CUB)"]
[Result "1-0"]
[WhiteElo "2240"]
[BlackElo "2445"]

1.d4 Nf6 2.c4 e6 3.Nc3 Bb4 4.e3 c5 5.Bd3 d5 6.Nf3 dxc4 7.Bxc4 O-O 8.O-O Nbd7
9.Qe2 a6 10.Rd1 Qc7 11.Bd2 e5 12.dxc5 Bxc5 13.e4 Nb6 14.Bb3 Bg4 15.h3 Bh5
16.Rac1 Rac8 17.Bg5 Nbd7 18.Na4 Qa5 19.Nxc5 Rxc5 20.Rxc5 Qxc5 21.Rc1 Qb4
22.Rc4 Qd6 23.Qd2 Qxd2 24.Nxd2 h6 25.Be3 Be2 26.Rc7 b5 27.f3 Rd8 28.Kf2 Bd3
29.Rc3 Nf8 30.Bd5 Bc4 31.Bxc4 bxc4 32.Nxc4 N6d7 33.Ra3 Rc8 34.b3 Rc6 35.Ra5 f6
36.Rd5 Kh7 37.Ke2 Rc7 38.Rd6 Nc5 39.Bxc5 Rxc5 40.Rxa6 Rc7 41.Kd2 Nd7 42.Kc3
Nb8 43.Ra5 Rb7 44.a4 Nc6 45.Rb5 Rd7 46.Rd5 Rb7 47.Na5 {#r} 1-0

[Event "It (open) \"]
[Site "masterchessopen.com Berlin (Germany)"]
[Round "0"]
[White "Lorenz Mark (GER)"]
[Black "Timoscenko Gennadij (SVK)"]
[Result "0-1"]
[WhiteElo "2250"]
[BlackElo "2530"]

1.d4 Nf6 2.c4 e6 3.Nc3 Bb4 4.e3 O-O 5.Bd3 d5 6.Nf3 c5 7.O-O dxc4 8.Bxc4 Nbd7
9.a3 Ba5 10.Ba2 Qe7 11.Bd2 Bc7 12.Qc2 b6 13.b4 Bb7 14.Nb5 Bb8 15.bxc5 bxc5
16.dxc5 Be4 17.Qc4 a6 18.Nc3 Bxf3 19.gxf3 Nxc5 20.Qh4 Ra7 21.Ne2 Nd3 22.Bc3
Be5 23.Bxe5 Nxe5 24.Qg3 Ng6 25.Nd4 Rc7 26.f4 Ne4 27.Qf3 Nd2 28.Qg3 Nxf1
29.Rxf1 Rfc8 30.f5 exf5 31.Nxf5 Qe5 32.Qg4 Rc1 33.Kg2 Qxf5 {#R} 0-1

[Event "It (open)"]
[Site "masterchessopen.com Cannes (France)"]
[Round "2"]
[White "Etchegaray Patrice (FRA)"]
[Black "Dorfman Iossif D (FRA)"]
[Result "0-1"]
[WhiteElo "2295"]
[BlackElo "2590"]

1.d4 Nf6 2.c4 e6 3.Nc3 Bb4 4.e3 O-O 5.Bd3 c5 6.Nf3 d5 7.O-O dxc4 8.Bxc4 Nbd7
9.Bd3 Qe7 10.Ne4 Nxe4 11.Bxe4 Nf6 12.Bd3 Rd8 13.Qe2 cxd4 14.exd4 h6 15.Bf4 b6
16.a3 Bd6 17.Be5 Bb7 18.Rad1 Rac8 19.Nd2 Bb8 20.f4 g6 21.Nc4 Nd5 22.Ne3 Bxe5
23.fxe5 Nxe3 24.Qxe3 Qg5 25.Qxg5 hxg5 26.Be2 Rc2 27.Bf3 Bxf3 28.Rxf3 Rxb2
29.Rc3 Rd7 30.h3 Rb5 31.Rcd3 Rbd5 32.Kf2 b5 33.Ke3 Rc7 34.Ke4 Kg7 35.Rg3 Kh6
36.Rf3 a5 37.Rb3 Rc2 38.Rg3 Re2+ 39.Kf3 Rexe5 {#R} 0-1

[Event "Ch Yugoslavia (open)"]
[Site "masterchessopen.com Nis (Yugoslavia)"]
[Round "3"]
[White "Golubovic Zoran (SRB)"]
[Black "Rajkovic Dusan (SRB)"]
[Result "0-1"]
[WhiteElo "2289"]
[BlackElo "2475"]

1.d4 Nf6 2.c4 e6 3.Nc3 Bb4 4.e3 O-O 5.Bd3 d5 6.Nf3 dxc4 7.Bxc4 c5 8.O-O Nbd7
9.Qe2 cxd4 10.exd4 Bxc3 11.bxc3 Qc7 12.Bd2 b6 13.Bd3 Bb7 14.c4 Rfe8 15.Rfe1
Rad8 16.Bg5 h6 17.Bh4 Qf4 18.Qe3 Qxe3 19.fxe3 Nc5 20.Bf1 Nce4 21.Reb1 g5
22.Be1 Nd7 23.a4 Bc6 24.a5 Rb8 25.Bd3 Red8 26.Ra3 g4 27.Nd2 Nxd2 28.Bxd2 Nf6
29.axb6 axb6 30.Rab3 Be4 31.Bxe4 Nxe4 32.Ba5 Rdc8 33.Rxb6 Rxb6 34.Rxb6 Rxc4
35.Rb1 Kg7 36.Be1 Rc2 37.Kf1 Kg6 38.Ra1 h5 39.Bg3 Nd2+ 40.Kg1 Kf5 41.Ra5+ Ke4
42.Rxh5 Rc1+ 43.Kf2 Kd3 {#R} 0-1

[Event "Cup Russia"]
[Site "masterchessopen.com St. Petersburg (Russia)"]
[Round "1"]
[White "Uchitel Stas (RUS)"]
[Black "Savon Vladimir A (UKR)"]
[Result "0-1"]
[WhiteElo "2148"]
[BlackElo "2435"]

1.d4 Nf6 2.c4 e6 3.Nc3 Bb4 4.e3 c5 5.Bd3 d5 6.Nf3 dxc4 7.Bxc4 O-O 8.O-O Nbd7
9.Qe2 b6 10.Rd1 cxd4 11.exd4 Bb7 12.Bg5 Bxc3 13.bxc3 Qc7 14.Nd2 Rae8 15.Qd3 e5
16.Qg3 Kh8 17.Re1 Nd5 18.Bh4 f5 19.Bb5 Re6 20.Bxd7 Qxd7 21.c4 Nf4 22.Qa3 Kg8
23.d5 Rg6 24.Bg3 Nxg2 25.Kxg2 f4 26.Rxe5 Bc8 27.Rh5 Qg4 28.Rxh7 Re8 29.Qa4 Bd7
30.Rh4 Bxa4 31.Rxg4 Rxg4 32.Kf3 Bd7 33.h3 Rg6 34.Bxf4 Bxh3 35.Be3 Bg4+ 36.Kf4
Be2 37.a4 Rg4+ 38.Kf5 Kf7 39.f3 Rh4 40.Kg5 Reh8 41.Kf5 R8h5+ {#R} 0-1

[Event "It (open) \"]
[Site "masterchessopen.com Baden (Switzerland)"]
[Round "0"]
[White "Peter Ambrus (HUN)"]
[Black "Sher Miron N (USA)"]
[Result "0-1"]
[WhiteElo "2405"]
[BlackElo "2425"]

1.d4 e6 2.c4 Bb4+ 3.Nc3 c5 4.e3 Nf6 5.Bd3 O-O 6.Nf3 d5 7.O-O dxc4 8.Bxc4 Nbd7
9.a3 cxd4 10.exd4 Bxc3 11.bxc3 Qc7 12.Qe2 b6 13.Bb2 Bb7 14.Bd3 Rac8 15.Rac1
Rfe8 16.c4 Bxf3 17.Qxf3 e5 18.Bf5 exd4 19.Bxd4 Rcd8 20.Rfd1 Ne5 21.Qg3 Qe7
22.c5 bxc5 23.Be3 Rxd1+ 24.Rxd1 Nc4 25.Rd3 Rd8 26.h3 Rxd3 27.Bxd3 Nxe3 28.fxe3
g6 29.Qf3 Kg7 30.Kf2 Qd7 31.Qe2 Nd5 32.Qb2+ f6 33.Qb8 Qe7 34.e4 Qc7 35.Qxc7+
Nxc7 36.Bc4 Kf8 37.Ke3 Ke7 38.g3 Kd6 39.h4 Ke5 40.Bg8 h6 41.Bf7 g5 42.hxg5
fxg5 43.Kd3 Nb5 44.a4 Nd6 45.Bd5 h5 46.Ke3 c4 47.Bc6 h4 48.gxh4 gxh4 49.a5 h3
50.Kf3 c3 {#R} 0-1

[Event "Ch Berlin"]
[Site "masterchessopen.com Berlin (Germany)"]
[Round "4"]
[White "Sharavdorj Dashzegve (MGL)"]
[Black "Brameyer Hermann (GER)"]
[Result "1-0"]
[WhiteElo "2370"]
[BlackElo "2275"]

1.d4 Nf6 2.c4 e6 3.Nc3 Bb4 4.e3 O-O 5.Bd3 d5 6.Nf3 c5 7.O-O dxc4 8.Bxc4 Nbd7
9.Qe2 a6 10.a3 cxd4 11.axb4 dxc3 12.bxc3 Qc7 13.e4 Ne5 14.Nxe5 Qxe5 15.Bd3 Rd8
16.Rd1 Bd7 17.Bb2 Qh5 18.Qxh5 Nxh5 19.c4 Nf4 20.Bf1 Bc6 21.f3 f6 22.g3 Ng6
23.Bd4 Nf8 24.Kf2 Kf7 25.Ke3 e5 26.Bb6 Rxd1 27.Rxd1 Bd7 28.Bc5 Be6 29.Rd6 Rc8
30.Rb6 Rc7 31.Bxf8 {#r} 1-0